MARC details
| 000 -LEADER |
| fixed length control field |
00730cam a2200193 4500 |
| 001 - CONTROL NUMBER |
| control field |
WB3732-06 |
| 008 - FIXED-LENGTH DATA ELEMENTS--GENERAL INFORMATION |
| fixed length control field |
010822n2001 000 0 eng u |
| 035 ## - SYSTEM CONTROL NUMBER |
| System control number |
(Sirsi) u114274 |
| 245 ## - TITLE STATEMENT |
| Title |
PPP Forum |
| 260 ## - PUBLICATION, DISTRIBUTION, ETC. |
| Date of publication, distribution, etc. |
2001 |
| 490 ## - SERIES STATEMENT |
| Series statement |
Contract Journal |
| Volume/sequential designation |
410(6341) 22 August 2001, 3(1) |
| 520 ## - SUMMARY, ETC. |
| Summary, etc. |
In the wake of rising criticism of public private partnerships (PPPs), a group of leading financiers, lawyers and contractors has set up the PPP Forum in a bid to promote PPPs. The forum's website, which provides information about PPPs, can be viewed at: www.pppforum.com |
| 590 ## - LOCAL NOTE (RLIN) |
| Local note |
WB |
| 650 ## - SUBJECT ADDED ENTRY--TOPICAL TERM |
| Topical term or geographic name entry element |
PUBLIC PRIVATE PARTNERSHIPS |
| 650 ## - SUBJECT ADDED ENTRY--TOPICAL TERM |
| Topical term or geographic name entry element |
PROMOTION |
| 650 ## - SUBJECT ADDED ENTRY--TOPICAL TERM |
| Topical term or geographic name entry element |
PPP FORUM |
| 690 ## - LOCAL SUBJECT ADDED ENTRY--TOPICAL TERM (OCLC, RLIN) |
| Topical term or geographic name as entry element |
Procurement |
| 9 (RLIN) |
6260 |
| 942 ## - ADDED ENTRY ELEMENTS (KOHA) |
| Suppress in OPAC |
0 |